| 000 | 00532nam a22001697a 4500 | ||
|---|---|---|---|
| 082 | _a621 | ||
| 100 | _aAli, Syed Mudassir | ||
| 245 |
_aHydrodynamic Analysis of under water Vehicle _cSyed Mudassir Ali. |
||
| 260 |
_aIslamabad: _bSMME - NUST, _c2017. |
||
| 300 |
_a38 p.: ill.; _c30cm. |
||
| 650 |
_aMS-Thesis. _918721 |
||
| 700 |
_aDr. Emad-ud-Din _916109 |
||
| 856 | _uhttp://10.250.8.41:8080/xmlui/handle/123456789/12986 | ||
| 942 |
_2ddc _cTHE |
||
| 999 |
_c529128 _d529128 |
||